000 00430nab a2200145Ia 4500
003 ES-SlBCS
005 20210601125305.0
008 140529s2000 xxu||||| |||| 00| 0 eng d
041 _aeng
100 1 _aKutz, Christopher
_9156376
245 0 0 _aActing Together
_c Christopher Kutz
650 0 4 _aActuación Conjunta
_9156377
773 0 _tPhilosophy and Phenomenological Research
_gvol. 61, 2000, págs. 1-61
_wRev1411
942 _cAR
999 _c527925
_d527925